000 01696nam a2200433 i 4500
001 196399
003 ES-MaREB
005 20251105115618.0
007 ta
008 240924s2019 sp a ||1 0bspa c
017 _aM 4427-2019
020 _a9788441438903
035 _aRebiun23943457
040 _aUCLM
_bspa
_cES-MaACL
080 _a929 Cervantes Saavedra, Miguel de
100 1 _aLucía Megías, José Manuel,
_d1967-
_eaut
_9240291
245 1 3 _aLa plenitud de Cervantes una vida de papel.
_nParte III,
_pRetazos de un biografía en los siglos de oro /
_cJosé Manuel Lucía Megías.
246 _aRetazos de un biografía en los siglos de oro
250 _a[1 êd.]
260 _aMadrid [etc.] :
_bEdaf,
_c2019.
300 _a311 p. :
_bil. ;
_c24 cm
336 _aTexto (visual)
_2rdacontent
337 _asin mediacin
_2rdamedia
338 _2rdacarrier
_avolumen
490 1 _aCronicas de la historia
490 1 _aRetazos de una biografía en los siglos de oro ;
_v3
500 _aCatalogación provisional. N-10155. Depósito J
504 _aBibliografa: p. 297-302.
600 1 4 _aCervantes Saavedra, Miguel de,
_d1547-1616
_9226514
650 4 _aBiografías
_910574
830 _9192997
_aCrónicas de la historia
830 _9240029
_aRetazos de una biografía en los siglos de oro ;
_v3
852 _aES-MaACL
_cDEPOJ
_hDonación: José Manuel Lucía Megías
_xencuadernación rústica
_9204097
_zEn proceso
_jN-10155
903 _aLucía Megías, José Manuel,
_d1967-
_ednr
_9240291
942 _n0
_cMONOGRAFIA
999 _c196399
_d196399